| 000 | 01057nam a2200301 i 4500 | ||
|---|---|---|---|
| 001 | 000020530 | ||
| 003 | DO-SdBNP | ||
| 005 | 20260324085052.0 | ||
| 007 | ta | ||
| 008 | 100810s2002 dr r a r 000 j spa d | ||
| 020 | _a9993455202 | ||
| 040 |
_aDO-SdBNP _bspa _cBNPHU _erda |
||
| 041 | _aspa | ||
| 082 | 4 |
_aBNPHU _bC346f _222 |
|
| 100 | 1 |
_aCastaños Guzmán, Julio César, _d1955- _eautor _4aut. _943253 |
|
| 245 | 1 | 0 |
_aFilosofía del hombre burro / _cJulio César Castaños Guzmán ; ilustraciones, Francisco José de Goya. |
| 264 | 4 |
_aSanto Domingo : _bCorripio, _c©2002 |
|
| 300 |
_a117 páginas : _bilustraciones ; _c23 cm. |
||
| 336 |
_atexto _btxt _2rdacontent |
||
| 337 |
_asin mediación _bn _2rdamedia |
||
| 338 |
_avolumen _bnc _2rdacarrier |
||
| 500 | _aIncluye datos biográficos del autor en la contracubierta | ||
| 500 | _aIncluye referencias bibliográficas y notas al pie de las páginas | ||
| 590 | _aInventariado, 2019/ YL | ||
| 700 | 1 |
_aGoya, Francisco José de, _eilustrador _4il. _943254 |
|
| 910 | _aBtavárez | ||
| 942 |
_2ddc _cLBS1 |
||
| 999 |
_c20034 _d20034 |
||